Facade greenery: (Record no. 353768)
[ view plain ]
| 000 -LEADER | |
|---|---|
| fixed length control field | 01550nam a2200289 a 4500 |
| 001 - CONTROL NUMBER | |
| control field | ASIN303768075X |
| 003 - CONTROL NUMBER IDENTIFIER | |
| control field | OSt |
| 005 - DATE AND TIME OF LATEST TRANSACTION | |
| control field | 20180116192417.0 |
| 008 - FIXED-LENGTH DATA ELEMENTS--GENERAL INFORMATION | |
| fixed length control field | 130730s2011 xxu eng d |
| 020 ## - INTERNATIONAL STANDARD BOOK NUMBER | |
| International Standard Book Number | 303768075X (hardcover) |
| Terms of availability | $24.95 |
| 020 ## - INTERNATIONAL STANDARD BOOK NUMBER | |
| International Standard Book Number | 9783037680759 (hardcover) |
| 040 ## - CATALOGING SOURCE | |
| Transcribing agency | 00 |
| 050 04 - LIBRARY OF CONGRESS CALL NUMBER | |
| Classification number | SB472 |
| 082 04 - DEWEY DECIMAL CLASSIFICATION NUMBER | |
| Classification number | 712 |
| 100 1# - MAIN ENTRY--PERSONAL NAME | |
| Personal name | Uffelen, Chris van |
| 9 (RLIN) | 6837 |
| 245 10 - TITLE STATEMENT | |
| Title | Facade greenery: |
| Remainder of title | contemporary landscaping/ |
| Statement of responsibility, etc. | Chris van Uffelen. |
| 260 ## - PUBLICATION, DISTRIBUTION, ETC. | |
| Place of publication, distribution, etc. | : |
| Name of publisher, distributor, etc. | Braun Publish,Csi, |
| Date of publication, distribution, etc. | 2011. |
| 300 ## - PHYSICAL DESCRIPTION | |
| Extent | 174 p. ; |
| Dimensions | 26 cm. |
| 520 ## - SUMMARY, ETC. | |
| Summary, etc. | The greening of faades with plants gives a piece of nature back to the city. But a green faade is much more than a charming view: Thanks to its insulating effect, it evens out extreme swings in temperature, protects against UV radiation and improves sound insulation. In that regard one does not have to always rely on the usual ivy. Other evergreen or fruit bearing plants and even exotic flowers can be used as faade decoration. In that way varied and creative greening can be created which lend a colorful aesthetic tone to the cityscape. The 50 projects presented here give an overview of this current trend in landscape architecture. |
| 650 #0 - SUBJECT ADDED ENTRY--TOPICAL TERM | |
| Topical term or geographic name entry element | City planning |
| 9 (RLIN) | 6838 |
| 650 #0 - SUBJECT ADDED ENTRY--TOPICAL TERM | |
| Topical term or geographic name entry element | Landscape architecture |
| 9 (RLIN) | 6839 |
| 650 #0 - SUBJECT ADDED ENTRY--TOPICAL TERM | |
| Topical term or geographic name entry element | Plants in architecture |
| 9 (RLIN) | 6840 |
| 650 #0 - SUBJECT ADDED ENTRY--TOPICAL TERM | |
| Topical term or geographic name entry element | Urban landscape architecture |
| 9 (RLIN) | 6841 |
| 856 40 - ELECTRONIC LOCATION AND ACCESS | |
| Materials specified | Amazon.com |
| Uniform Resource Identifier | <a href="http://www.amazon.com/exec/obidos/ASIN/303768075X/chopaconline-20">http://www.amazon.com/exec/obidos/ASIN/303768075X/chopaconline-20</a> |
| 942 ## - ADDED ENTRY ELEMENTS (KOHA) | |
| Source of classification or shelving scheme | |
| Koha item type | Book |
| Withdrawn status | Lost status | Source of classification or shelving scheme | Damaged status | Not for loan | Permanent Location | Current Location | Date acquired | Total Checkouts | Full call number | Barcode | Date last seen | Date last checked out | Cost, replacement price | Price effective from | Koha item type |
|---|---|---|---|---|---|---|---|---|---|---|---|---|---|---|---|
| School of Art Design and Architecture (SADA) | School of Art Design and Architecture (SADA) | 06/20/2013 | 2 | 712 UFF 2011 | SADA0002046 | 06/12/2015 | 05/21/2015 | 2072.74 | 07/31/2013 | Book |
